000 00610 a2200157 4500
005 20190806102637.0
008 190509s1964 sp ||||| |||| 00| 0 spa d
040 _aCO-BoUCM
_bspa
_cSaul Niño
_dSaul Niño
100 1 0 _aGarcía de Enterría, Eduardo
_981785
245 1 3 _aLa administración española
_bestudios de ciencia administrativa
_cEduardo García de Enterría
250 _aSegunda edición
260 _aMadrid
_bInstituto de Estudios políticos
_c1964
650 7 _9355
_aAdministración pública
_zEspaña
942 _cLIBRO
_2DEWEY
_a8
_e2
_h351.46
_mG215a
_n0
999 _c312315
_d312315